-
VAIDYANATHAN,DR R PERUMAL
Entry Personal Name
Number of records used in: 4
001 - CONTROL NUMBER
003 - CONTROL NUMBER IDENTIFIER
005 - DATE AND TIME OF LATEST TRANSACTION
- control field:
20170329173039.0
008 - FIXED-LENGTH DATA ELEMENTS
- fixed length control field:
170329|| aca||aabn | a|a d
040 ## - CATALOGING SOURCE
- Original cataloging agency:
OSt
- Transcribing agency:
OSt
100 ## - HEADING--PERSONAL NAME
- Personal name:
VAIDYANATHAN,DR R PERUMAL
670 ## - SOURCE DATA FOUND
- Source citation:
Work cat.: (OSt): VAIDYANATHAN,DR R PERUMAL, STRUCTURAL ANALYSIS , 2014